| 000 | 00519nam a22002052i 4500 | ||
|---|---|---|---|
| 999 |
_c8834 _d8834 |
||
| 001 | 8834 | ||
| 003 | BD - JhCC | ||
| 005 | 20180712120724.0 | ||
| 008 | 500101s1955 xxk 000 0 eng d | ||
| 035 | _a(BD - JhCC)8834 | ||
| 040 |
_aUKM _cUKM _dEQO _dBD - JhCC |
||
| 041 | _aeng | ||
| 082 |
_a428 _218 _bOLI 1955 |
||
| 100 | 1 | _aOliphant, Lancelot. | |
| 245 | 1 | 2 |
_aA revision course in English / _cLancelot Oliphant, |
| 260 |
_aOdhams Press, _c1955 |
||
| 300 |
_a175 p. ; _c20 cm |
||
| 942 |
_2ddc _cBK |
||